00696nam a2200229Ia 450000100060000000300090000600800410001504000130005604000130006904100130008210000200009510000290011524500820014424500300022625000110025626000110026726000210027826000490029930000590034865000280040765000310043515377IT-RoPAU130308s9999 xx 000 0 und d aIT-RoPAU cIT-RoPAU aITALIANO aDipersia Giulia gCodice Aut. SPICS: 7190 aPolemiche sulla guerra sociale nell'ambasceria latina di Livio VIII, 4-6 (Le) bStoriografia e Propaganda a1a ed. aMILANO bVita e Pensiero  c1975 [1° Ed.:1975 - Ed.Ling.Originale:1975] a"10 p. (prefazione: no ; testo: 10 [pagine: 111-120])" aSTORIA DELLA PROPAGANDA eCodice materia Spics: 6258